000 00665 a2200193 4500
001 29846
005 20260407155608.0
008 260407a1970 arg spa d
003 AR-UNSa-BCEJYS
040 _aAR-UNSa-BCEJYS
_bspa
_cAR-UNSa-BCEJYS
080 _a657.47
_xContabilidad de Costos
245 1 0 _aLa empresa y sus costos
264 1 _aBuenos Aires :
_bEdiciones Macchi
_c1970
300 _a118 p.
_c23 cm.
505 _a1. Introducción - 2. Costeo marginal - 3. El costeo marginal y el rendimiento de la empresa - 4. Costos diferenciales - 5. Costeo Directo.
942 _cBK
590 _aniveau_biblio:m niveau_hierar:0
100 1 _aConti Amadei, Felipe
999 _c1964
_d1964